Nick Jonas Filmography - Statistics

General Stats
  • This quiz has been taken 10 times
    8 since last reset
  • The average score is 4 of 19
Answer Stats
Hint Answer % Correct
2008 Camp Rock
100%
2010 Camp Rock 2: The Final Jam
67%
2019 Jumanji: The Next Level
50%
2017 Jumanji: Welcome to the Jungle
50%
2019 Midway
33%
2019 UglyDolls
33%
2021 Chaos Walking
17%
2016 Goat
17%
2009 Night at the Museum: Battle of the Smithsonian
17%
2009 Princess Protection Program
17%
2020 A Babysitter's Guide to Monster Hunting
0%
2006 Aquamarine
0%
2008 Beethoven's Big Break
0%
2015 Careful What You Wish For
0%
2018 Charming
0%
2017 Ferdinand
0%
2017 Fifty Shades Darker
0%
2021 Space Jam: A New Legacy
0%
2015 The DUFF
0%
No matching quizzes found
Score Distribution
Percent of People with Each Score
Percentile by Number Answered
Your Score History
You have not taken this quiz since the last reset